00609 a2200169 450000500170000001000150001702000300003203500140006203700130007608200110008910000160010024500870011626000610020327000850026430000220034949000680037120220124110759.0 aENG-130470 a978-93-89811-64-3c175.00 aEN-114002 bDBAD/PUB a485b1 aPrakash, Om aLanguage-II English:bFull coverage of English Grammar/cOm Prakash and Gyan Singh aTamill NadubMcGraw Hill Education Private Limitedc2021 a444/1, Sri Ekambara Naicker Industrial Estate, Alapakkam, PorurbChennaie600116 a208p.c22cm (pbk) aincludes Latest Question Paper and Full-Length Mock Test Papers